|
|
|
|
| LEADER |
01055nam a2200277 a 4500 |
| 001 |
1336984 |
| 008 |
090618r20001980 nyua b 001 0beng d |
| 010 |
|
|
|a 79018564
|
| 020 |
|
|
|a 0500201749
|
| 020 |
|
|
|a 0195201639
|
| 020 |
|
|
|a 0195201647 (pbk.)
|
| 040 |
|
|
|a DLC
|c DLC
|d DLC
|
| 082 |
0 |
0 |
|a 700/.92/4
|a B
|
| 100 |
1 |
|
|a Murray, Linda.
|
| 245 |
1 |
0 |
|a Michelangelo /
|c Linda Murray.
|
| 260 |
|
|
|a New York :
|b Oxford University Press ;
|a London :
|b Thames and Hudson,
|c 1980.[Reprinted 2000]
|
| 300 |
|
|
|a 216 p. :
|b ill. (some col.) ;
|c 22 cm.
|
| 490 |
1 |
|
|a World of art
|
| 500 |
|
|
|a 161illustrations, 20 in colour.
|
| 504 |
|
|
|a Includes Bibliography (p. 208.)and index.
|
| 541 |
1 |
|
|e 00008394
|
| 600 |
0 |
0 |
|a Michelangelo Buonarroti,
|d 1475-1564.
|
| 650 |
|
0 |
|a Artists
|z Italy
|x Biography.
|
| 852 |
4 |
|
|a Ayesha Abed Library
|j General shelf
|
| 999 |
|
|
|c 959
|d 959
|
| 952 |
|
|
|0 0
|1 4
|2 ddc
|4 0
|6 700_924000000000000_MUR
|7 0
|9 864
|a BRACUL
|b BRACUL
|c GEN
|d 2009-06-21
|g 0.00
|l 0
|o 700.924 MUR
|p 3010008394
|r 2009-06-21
|t 1
|w 2009-06-21
|y BK
|x No price found in the accession register.
|